000 00547nam a22001697a 4500
005 20251108172357.0
008 250721s1995 xx 000 0 ara d
082 1 4 _a301.16/صال
100 1 _aأبو أصبع، صالح
245 1 0 _aالإتصال و الإعلام في المجتمعات المعاصرة /
264 1 _aعمان :
_bدار آرام للدراسات و النشر و التوزيع،
_c1995.
300 _a275ص
650 1 7 _aالإعلام
650 1 7 _aوسائل الإتصال
942 _2ddc
_cBK
999 _c77679
_d77679